LEADER 00830nam0-22003251i-450- 001 990003020620403321 010 $a333-14925-4 035 $a000302062 035 $aFED01000302062 035 $a(Aleph)000302062FED01 035 $a000302062 100 $a20000920d1973----km-y0itay50------ba 101 0 $aita 102 $aIT 200 1 $a<>British Financial System$fJack Revell. 210 $aLondon$cMacmillan$d1973. 215 $aXII, 498 p.$d22 cm 610 0 $aSistema finanziario$aGran Bretagna 676 $aJ/2.11 676 $aJ/3 676 $aJ/4 702 1$aRevell,$bJack 801 0$aIT$bUNINA$gRICA$2UNIMARC 901 $aBK 912 $a990003020620403321 952 $aF/1.402 REV$b6255/I$fSES 959 $aSES 996 $aBritish Financial System$9467400 997 $aUNINA DB $aING01 LEADER 01128nam0-2200373li-450 001 990000261120203316 005 20180312154702.0 010 $a4-274-03380-5 035 $a0026112 035 $aUSA010026112 035 $a(ALEPH)000026112USA01 035 $a0026112 100 $a2001994101992-------y0itay0103----ba 101 0 $aeng 102 $aJA 200 1 $aNoise in physical systems and 1/f fluctuations$fedited by T. Musha ... [et al.] 210 $aTokyo [etc.]$cOhmsha$dcopyr. 1992 215 $aXVI, 752 p.$cill.$d26 cm 610 1 $aelettrodinamica quantistica 610 1 $asemiconduttori 676 $a5376$9. 702 1$aMusha,$bT. 801 $aSistema bibliotecario di Ateneo dell' Università di Salerno$gRICA 912 $a990000261120203316 951 $a537.6 NOI$b0016138/CBS$c537.6$d00327333 959 $aBK 969 $aSCI 979 $c19941010 979 $c20001110$lUSA01$h1715 979 $c20020403$lUSA01$h1634 979 $aPATRY$b90$c20040406$lUSA01$h1619 979 $aRSIAV7$b90$c20090915$lUSA01$h1205 996 $aNoise in physical systems and 1$91489129 997 $aUNISA